El naturalismo de Luis Tristán : (Record no. 197819)

MARC details
000 -LEADER
campo de control de longitud fija 01321nam a2200373 i 4500
001 - NÚMERO DE CONTROL
campo de control 197819
003 - IDENTIFICADOR DE NÚMERO DE CONTROL
campo de control ES-MaACL
005 - FECHA Y HORA DE LA ÚLTIMA TRANSACCIÓN
campo de control 20251221151809.0
007 - CAMPO FIJO DE DESCRIPCIÓN FÍSICA--INFORMACIÓN GENERAL
campo de control de longitud fija ta
008 - DATOS DE LONGITUD FIJA--INFORMACIÓN GENERAL
campo de control de longitud fija 250916s2025 sp a|||| |||| 001 0 spa d
017 ## - NÚMERO DE COPYRIGHT O DE DEPÓSITO LEGAL
Número de copyright o de depósito legal M 49675-2011
Agencia que asigna Oficina Depósito Legal Madrid
020 ## - NÚMERO INTERNACIONAL ESTÁNDAR DEL LIBRO
Número Internacional Estándar del Libro 978-84-09-75900-2
040 0# - FUENTE DE CATALOGACIÓN
Lengua de catalogación spa
Centro/agencia transcriptor ES-MaACL
041 ## - CÓDIGO DE IDIOMA
Código de lengua del sumario o resumen eng
-- ger
080 ## - NÚMERO DE LA CLASIFICACIÓN DECIMAL UNIVERSAL
Número de la Clasificación Decimal Universal 75 Tristán, Luis
100 1# - ENTRADA PRINCIPAL--NOMBRE DE PERSONA
9 (RLIN) 242263
Nombre de persona Padilla Gaffal, Dafne Elisa
Término indicativo de función/relación Autor
245 13 - MENCIÓN DEL TÍTULO
Título El naturalismo de Luis Tristán :
Resto del título estudio histórico-artístico de la Última Cena /
Mención de responsabilidad, etc. Dafne Elisa Padilla Gaffal
250 ## - MENCION DE EDICION
Mención de edición Primera edición: agosto de 2025
264 ## - PRODUCCIÓN, PUBLICACIÓN, DISTRIBUCIÓN, FABRICACIÓN Y COPYRIGHT
Producción, publicación, distribución, fabricación y copyright Madrid :
Nombre del de productor, editor, distribuidor, fabricante Dokos Monografías,
Fecha de producción, publicación, distribución, fabricación o copyright 2025
264 ## - PRODUCCIÓN, PUBLICACIÓN, DISTRIBUCIÓN, FABRICACIÓN Y COPYRIGHT
Producción, publicación, distribución, fabricación y copyright ©2025
300 ## - DESCRIPCIÓN FÍSICA
Extensión 132 páginas :
Otras características físicas ilustraciones ;
Dimensiones 21 cm
336 ## - TIPO DE CONTENIDO
Fuente rdacontent
Término de tipo de contenido Texto
337 ## - TIPO DE MEDIO
Fuente rdamedia
Nombre/término del tipo de medio sin mediación
338 ## - TIPO DE SOPORTE
Fuente rdacarrier
Nombre/término del tipo de soporte volumen
504 ## - NOTA DE BIBLIOGRAFÍA, ETC.
Nota de bibliografía, etc. Bibliografía: páginas [97]-104. Índices.
504 ## - NOTA DE BIBLIOGRAFÍA, ETC.
Nota de bibliografía, etc. Webgrafía: página 105
546 ## - NOTA DE IDIOMA
Nota de lengua/lenguaje Texto en español; resumen en inglés y alemán
600 10 - PUNTO DE ACCESO ADICIONAL DE MATERIA--NOMBRE DE PERSONA
Nombre de persona Tristán, Luis,
Fechas asociadas al nombre 1585-1624
9 (RLIN) 242264
852 ## - LOCALIZACIÓN
Ubicación ES-MaACL
Ubicación en estantería Depósito 1
Número de control de estantería A-15807
Encuadernación Encuadernación rústica
itemnumber 206794
942 ## - ELEMENTOS DE ENTRADA SECUNDARIOS (KOHA)
Tipo de ítem Koha Libro impreso
Suprimir en OPAC No
Holdings
Estatus retirado Estado de pérdida Fuente del sistema de clasificación o colocación Estado de daño No para préstamo Biblioteca de origen Biblioteca actual Ubicación en estantería Fecha de adquisición Fuente de adquisición Total de préstamos Signatura topográfica completa Código de barras Visto por última vez Precio de reemplazo Tipo de ítem Koha
    Clasificación decimal universal     Biblioteca del Ateneo de Madrid Biblioteca del Ateneo de Madrid Depósito 1 15/09/2025 Donación   A-15807 2025-1214 16/09/2025 16/09/2025 Libro impreso